One Stop Resource Fo All your Exam Needs in Pharmacology (Record no. 370866)

MARC details
000 -LEADER
fixed length control field 00623nam a2200217 4500
005 - DATE AND TIME OF LATEST TRANSACTION
control field 20260404115109.0
008 - FIXED-LENGTH DATA ELEMENTS--GENERAL INFORMATION
fixed length control field 260404b |||||||| |||| 00| 0 eng d
020 ## - INTERNATIONAL STANDARD BOOK NUMBER
International Standard Book Number 978-93-5696-202-6
041 ## - LANGUAGE CODE
Language code of text/sound track or separate title English
082 ## - DEWEY DECIMAL CLASSIFICATION NUMBER
Edition number 9th 2025
Classification number PH 615.1 TRI B13197
100 ## - MAIN ENTRY--PERSONAL NAME
Author Tripathi KD
245 ## - TITLE STATEMENT
Title One Stop Resource Fo All your Exam Needs in Pharmacology
250 ## - EDITION STATEMENT
Edition statement 9th ed 2025
260 ## - PUBLICATION, DISTRIBUTION, ETC.
Place of publication, distribution, etc. New Delhi
Name of publisher, distributor, etc. Jaypee Brothers Medical Pub.
Date of publication, distribution, etc. 2025
300 ## - PHYSICAL DESCRIPTION
Extent vii; 181p
Other physical details pb
365 ## - TRADE PRICE
Price type code Rupaye
Currency code INR
500 ## - GENERAL NOTE
Keywords Pharmacology
650 ## - SUBJECT ADDED ENTRY--TOPICAL TERM
Topical term or geographic name entry element Pharmacology
651 ## - SUBJECT ADDED ENTRY--GEOGRAPHIC NAME
Geographic name Pharmacology
942 ## - ADDED ENTRY ELEMENTS (KOHA)
Koha item type Books

No items available.